Normal view
MARC view
- Confederate States of America.
Entry Corporate Name
001 - CONTROL NUMBER
- control field: 7710
003 - CONTROL NUMBER IDENTIFIER
- control field: NUST
005 - DATE AND TIME OF LATEST TRANSACTION
- control field: 20171228091804.0
008 - FIXED-LENGTH DATA ELEMENTS
- fixed length control field: 171228|| aca||aabn | a|a d
040 ## - CATALOGING SOURCE
- Original cataloging agency: NUST
- Transcribing agency: NUST
110 ## - HEADING--CORPORATE NAME
- Corporate name or jurisdiction name as entry element: Confederate States of America.
- Subordinate unit: Army
- Form subdivision: Biography.
670 ## - SOURCE DATA FOUND
- Source citation: Work cat.: (NUST)0: Blount, Roy, Jr., 1941- 7707, Robert E. Lee :, 2003.
